5 capitali del mondo su una mappa in 25 secondi - Statistics

Statistiche generali
  • Questo quiz è stato fatto 390 volte
  • Il punteggio medio è 3 su 5
Risposte nella Mappa
Le risposte nella mappa del quiz sottostante sono codificate secondo una scala di colori dal rosso al verde in base alla % di persone che hanno risposto correttamente.
 
Statistiche sulle risposte
capitale % Corretto
Abu Dhabi
100%
Algeri
100%
Amman
100%
Ankara
100%
Asunción
100%
Atene
100%
Baghdad
100%
Banjul
100%
Belgrado
100%
Berlino
100%
Berna
100%
Bogotà
100%
Brasília
100%
Bratislava
100%
Bruxelles
100%
Bucarest
100%
Budapest
100%
Canberra
100%
Caracas
100%
Chișinău
100%
Città del Messico
100%
Copenaghen
100%
Damasco
100%
Dodoma
100%
Doha
100%
Dublino
100%
Freetown
100%
Gibuti
100%
Gitega
100%
Helsinki
100%
Il Cairo
100%
Kiev
100%
Kingston
100%
Kuala Lumpur
100%
La Valletta
100%
L'Avana
100%
Lisbona
100%
Londra
100%
Lubiana
100%
Madrid
100%
Malé
100%
Managua
100%
Manama
100%
Manila
100%
Mascate
100%
Minsk
100%
Montevideo
100%
Mosca
100%
Nassau
100%
N'Djamena
100%
Nuova Delhi
100%
Panama
100%
Pechino
100%
Port-au-Prince
100%
Praga
100%
Pretoria, Città del Capo o Bloemfontein
100%
Pyongyang
100%
Quito
100%
Rabat
100%
Riga
100%
Riyād
100%
Roma | Città del Vaticano
100%
San Marino
100%
San Salvador
100%
Santiago
100%
Seul
100%
Stoccolma
100%
Taipei
100%
Teheran
100%
Tokyo
100%
Vaduz
100%
Varsavia
100%
Vienna
100%
Vilnius
100%
Washington
100%
Yaoundé
100%
Georgetown
80%
Nur-Sultan
80%
Oslo
80%
Ottawa
80%
Phnom Penh
80%
Hanoi
75%
Islamabad
75%
Khartum
75%
Podgorica
75%
Santo Domingo
75%
Vientiane
75%
Baku
71%
Dili
67%
Giacarta
67%
Lomé
67%
Monrovia
67%
São Tomé
67%
Tashkent
67%
Thimphu
67%
Zagabria
67%
Colombo
60%
Skopje
60%
Accra
50%
Andorra la Vella
50%
Bangkok
50%
Bangui
50%
Beirut
50%
Erevan
50%
Luanda
50%
Monaco
50%
Niamey
50%
Nicosia
50%
Pristina
50%
Sana'a
50%
San José
50%
Tirana
50%
Yamoussoukro
50%
Port of Spain
40%
Bissau
33%
Giuba
33%
Kigali
33%
Libreville
33%
Naypyidaw
33%
Ngerulmud
33%
Nouakchott
33%
Port Louis
33%
Praia
33%
Saint George's
33%
Sofia
33%
Wellington
33%
Windhoek
33%
Asmara
25%
Belmopan
25%
Gaborone
25%
Kathmandu
25%
Kinshasa
25%
Kingstown
20%
Abuja
0%
Addis Abeba
0%
Amsterdam
0%
Antananarivo
0%
Apia
0%
Ashgabat
0%
Bamako
0%
Bandar Seri Begawan
0%
Basseterre
0%
Bishkek
0%
Brazzaville
0%
Bridgetown
0%
Buenos Aires
0%
Castries
0%
Città del Guatemala
0%
Conakry
0%
Dacca
0%
Dakar
0%
Dušanbe
0%
Funafuti
0%
Gerusalemme
0%
Harare
0%
Honiara
0%
Kabul
0%
Kampala
0%
Kuwait
0%
La Paz o Sucre
0%
Lilongwe
0%
Lima
0%
Lusaka
0%
Lussemburgo
0%
Majuro
0%
Malabo
0%
Maputo
0%
Maseru
0%
Mbabane
0%
Mogadiscio
0%
Moroni
0%
Nairobi
0%
Nukuʻalofa
0%
Ouagadougou
0%
Palikir
0%
Paramaribo
0%
Parigi
0%
Port Moresby
0%
Porto-Novo o Cotonou
0%
Port Vila
0%
Reykjavík
0%
Roseau
0%
Saint John's
0%
Sarajevo
0%
Singapore
0%
Sud Tarawa
0%
Suva
0%
Tallinn
0%
Tbilisi
0%
Tegucigalpa
0%
Tripoli
0%
Tunisi
0%
Ulan Bator
0%
Victoria
0%
Yaren
0%
Nessun quiz corrispondente trovato
Distribuzione punteggi
Percentuale di utenti per punteggio
Percentile per numero di risposta
I tuoi punteggi nel tempo
Non hai fatto questo quiz